000 00253nam a2200097Ia 4500
008 230907s9999||||xx |||||||||||||| ||und||
082 _a363.738745,CLI
245 0 _aClimate change and global policy regimes :
300 _axxii, 277 pages :
942 _cBK
999 _c597766
_d597766